[Event "Dyfed Open"]
[Site "Fishguard"]
[Date "2017.02.26"]
[Round "5"]
[White "Stuart, Neil"]
[Black "Cooke, Mark"]
[Result "1-0"]
[WhiteElo "1783"]
[BlackElo "1644"]
[Annotator "Rudy"]
[PlyCount "35"]
[EventDate "2017.02.24"]
[EventType "swiss"]
[EventRounds "5"]
[EventCountry "WLS"]

1. d4 c6 2. c4 g6 3. Nc3 Bg7 4. e4 d6 5. Nf3 Bg4 6. Be2 Nd7 7. Be3 Qc7 8. O-O
Ngf6 9. Qd2 (9. h3 {main}) 9... O-O 10. Rfd1 (10. h3) (10. Bh6) 10... Rad8 11.
Ne1 (11. Rac1 Qb8 12. b4 Rc8 13. h3 Bxf3 14. Bxf3 a6 15. a4 b6 16. Rb1 {
Haataja-Pukkinen,Kajaani We KaSY op 2004,1-0}) 11... Bxe2 12. Qxe2 Nh5 (12...
a6 13. f4 b5 14. e5 Ne8 15. b3 $14 {Komodo10}) 13. Nd3 (13. f4) 13... f5 $2 (
13... e5 14. d5 cxd5 15. cxd5 Qb8 16. Rac1 a6 $14 {Komodo10}) 14. exf5 $18 Rxf5
15. g4 Rxf2 16. Nxf2 Nhf6 17. Nce4 Rf8 18. Ng5 1-0